Be the Cowboy-Album (Mitski) - Statistics

General Stats
  • This quiz has been taken 29 times
  • The average score is 11 of 14
Answer Stats
# Track % Correct
9. Nobody
100%
12. Washing Machine Heart
100%
4. A Pearl
90%
7. Me and My Husband
90%
10. Pink in the Night
85%
14. Two Slow Dancers
85%
2. Why Didn't You Stop Me?
80%
6. Remember My Name
75%
11. A Horse Named Cold Air
70%
13. Blue Light
70%
1. Geyser
70%
5. Lonesome Love
70%
8. Come into the Water
65%
3. Old Friend
65%
No matching quizzes found
Score Distribution
Percent of People with Each Score
Percentile by Number Answered
Your Score History
You have not taken this quiz